| 000 | 00785nam a2200265Ia 4500 | ||
|---|---|---|---|
| 003 | OSt | ||
| 005 | 20220927110931.0 | ||
| 006 | a|||||r|||| 00| 0 | ||
| 007 | ta | ||
| 008 | 220926b |||||||| |||| 00| 0 eng d | ||
| 024 | _a107829 | ||
| 037 | _cReports | ||
| 040 |
_aRTL _cRTL _beng |
||
| 041 |
_2eng _aeng |
||
| 082 | _a"X9(JB)p1(X),N75, L5/UN" | ||
| 110 | _aUnited Nations Industrial Development Organization | ||
| 111 |
_aWorkshop on wood processing for developing countries (1975 : Vienna) _9380964 |
||
| 245 | 0 | _aReport | |
| 260 |
_aVienna _c1975 |
||
| 300 |
_a79p. _ccm. |
||
| 650 | _aForestry industry | ||
| 700 | _aUnited Nations Industrial Development Organization | ||
| 942 |
_h"X9(JB)p1(X),N75, L5/UN" _cCC |
||
| 999 |
_c698399 _d698399 |
||